Retrouvez ses rôles #1 - Pierre Niney - Statistiques

Statistiques générales
  • Ce quiz a été pris 107 fois
  • Le résultat moyen est 7 sur 10
Statistiques - réponses
Par images Réponse % Correct
Le Comte de Monte Cristo
92%
Boite noire
87%
Yves Saint Laurent
84%
20 ans d'écart
79%
Le Flambeau
74%
Five
68%
Sauver ou périr
55%
Oss 117
53%
Goliath
41%
Un homme idéal
33%
Aucun quiz correspondant
Distribution des résultats
% des personnes avec chaque résultat
Percentile par nombre de réponses
Votre historique - résultats
Vous n’avez pas pris ce quiz